| 000 | 00555nam a2200169Ia 4500 | ||
|---|---|---|---|
| 999 |
_c22591 _d22591 |
||
| 003 | OSt | ||
| 005 | 20200515134310.0 | ||
| 008 | 190216s9999||||xx |||||||||||||| ||und|| | ||
| 040 | _coclc | ||
| 082 |
_a953.8053 _bBAN/M |
||
| 100 |
_a Bangash, Zafar _92376 |
||
| 245 | 4 |
_aThe Makkah Massacre And Future Of The Haramain / _cZafar Bangash |
|
| 260 |
_bIslamic Foundation Press, _aMalapuram: _c1988. |
||
| 300 | _a108p | ||
| 650 | 0 |
_aHistory & geography _92271 _vIslamic History |
|
| 942 |
_cBK _2ddc _h953.8053 _iBAN/M _k953.8053 _mBAN/M |
||